The Ultimate Dude Perfect Name Game - Statistics

General Stats
  • This quiz has been taken 15 times
    4 since last reset
  • The average score is 14 of 60
Answer Stats
Hint Answer % Correct
Clark Caitlyn
100%
Toney Tyler
100%
Bethany
75%
Coby
75%
Jones Cody
75%
Cotton Cory
75%
Hilbert Garrett
75%
Forrester Ned
75%
Amy
50%
Interns Jackson
50%
Senderson Jerry
50%
Shorts Jim
50%
Sparkman Kevin
50%
Kristen
50%
Doncic Luka
50%
Rober Mark
50%
Mascot Panda
50%
Editors Tim
50%
Alice
25%
Aubrey
25%
Smith Brodie
25%
Chad
25%
Tweedley Dale
25%
Graham
25%
Digiovanni Nick
25%
Trayhan Ryan
25%
Guests: Currey Steph
25%
Will
25%
Other DP appYouTubers: King Zach
25%
Alex From Down Unda
0%
More Guests: Belmo
0%
Brother Nature
0%
Chuck
0%
Coach Pat
0%
Colton
0%
Derek
0%
Prescott Doyle Imogen
0%
Grogu/Baby Yoda
0%
Haley
0%
Hulett Bros
0%
Larry
0%
Lucky Larry
0%
Maximus
0%
Mr. Excuses
0%
Namasteve
0%
R2-D2
0%
Other Characters Rage Monster
0%
Scary Gary
0%
Scotty Strikes
0%
Senor Frijoles
0%
Spike
0%
Ted
0%
Other WheelHosts Tex
0%
That'll Work
0%
One more: That's Amazing
0%
The King
0%
T rex
0%
Trick Shot Queen
0%
Jass Tristen
0%
Warren
0%
No matching quizzes found
Score Distribution
Percent of People with Each Score
Percentile by Number Answered
Your Score History
You have not taken this quiz since the last reset